000 00676nam a2200265Ia 4500
001 851
005 20240113233432.0
007 ta
008 050125s1943 a g b000 u eng u
020 _cPB
040 _aCotton College,Assam
041 _aeng
_hben
082 _a821.91
_bT 129 G
100 _aTagore, Rabindranath .
245 0 _aGitanjali /
_cRabindranath Tagore.
_hTextual Documents
260 _aNew York :
_bMacmillan and co ,
_c1943.
300 _a90p. :
_bill ;
_c18cm. .
653 _aEnglish poetry
653 _aG-English
653 _aRef.G-English
942 _2ddc
_cBK
999 _c849
_d849